000 00666nam a2200229 4500
003 OSt
005 20240723065727.0
006 a
008 240723b |||||||| |||| 00| 0 eng d
020 _a9716856996
040 _aDWCL-Main lib.
_cOC
082 _2Revised edition
_aFil. 370.71 V422s 2009
100 _aVega, Violeta A.
245 _aSocial dimensions of education /
250 _aRevised edition
260 _aQuezon City :
_bLorimar Pub. , Inc. ,
_cc2009.
300 _ax,
_b181p. : ill. ;
_c26cm.
504 _aIncludes references.
650 _a1. Teachers-Training.
650 _a2. Teachers.
942 _2ddc
_n0
_cBK - FIL
_eRevised edition
_kFil.
999 _c2607
_d2607